000 02339cam a22002891i 4500
003 SA-RiAUC
005 20250409070857.0
008 250408q19801989le a g 000 0 ara c
040 _aJO-MaAABU
_bara
_cSA-RiAUC
_erda
043 _aa-su---
050 0 4 _bH3. 1980
082 0 4 _a953.121
_qSA-RiAUC
090 _a953.121
_b هـ ي ك
100 1 _aهيكل، محمد حسين سالم،
_cباشا،
_d1888-1956
_eمؤلف.
245 1 0 _aفي منزل الوحي /
_cمحمد حسين هيكل.
250 _aالطبعة الرابعة.
264 1 _aبيروت :
_bدار إحياء التراث العربي،
_c[بين 1980 و1989]
300 _a707 صفحة :
_bإيضاحيات
336 _aنص
_btxt
_2rdacontent
_3كتاب
337 _aبدون وسيط
_bn
_2rdamedia
338 _aمجلد
_bnc
_2rdacarrier
651 7 _aمكة المكرمة
_xتاريخ
_2aucsh
856 _uhttp://dlib.nyu.edu/aco/book/nyu_aco000764/1?lang=ar
_yDigital Copy
_2 نرجو الانتباه لإمكانية وجود اختلاف في الطبعة أو الناشر بين البيانات على البوابة وما ستجده على الكتاب نظرا لمحدودية المعلومات المتاحة على الموقع الناشر للمادة.
_3Please note that there may be a difference in the edition or publisher between the data on the portal and the book due to the limited information available on the publisher website for the material.
856 _uhttp://dl-img.home.nyu.edu/adore-djatoka/resolver?url_ver=Z39.88-2004&svc_id=info%3Alanl-repo/svc/getRegion&svc_val_fmt=info%3Aofi/fmt%3Akev%3Amtx%3Ajpeg2000&svc.format=image/jpeg&rft_id=http%3A//dlib.nyu.edu/files/books/nyu_aco000764/nyu_aco000764_afr01_d.jp2&svc.scale=230
_yCoverImage
_2 نرجو الانتباه لإمكانية وجود اختلاف في الطبعة أو الناشر بين البيانات على البوابة وما ستجده على الكتاب نظرا لمحدودية المعلومات المتاحة على الموقع الناشر للمادة.
_3Please note that there may be a difference in the edition or publisher between the data on the portal and the book due to the limited information available on the publisher website for the material.
942 _2ddc
_cBOOK
_n0
949 _aSA-JeALM
_d250408
_uosman123
_n1
999 _c6798
_d6798